L-O-V-E - Nat King Cole (All Lyrics) - Statistics

General Stats
  • This quiz has been taken 123 times
  • The average score is 132 of 156
Answer Stats
Answer % Correct
a
100%
E
100%
for
100%
I
100%
L
100%
O
100%
V
100%
you
100%
is
98%
me
98%
the
98%
at
96%
look
96%
only
96%
see
96%
very
96%
one
93%
way
93%
extraordinary
91%
Love
89%
love
89%
that
87%
can
83%
than
83%
and
80%
more
80%
even
76%
to
76%
all
72%
give
70%
two
70%
Two
70%
game
67%
just
67%
my
65%
adore
63%
anyone
63%
it
63%
made
63%
don't
59%
heart
59%
in
59%
was
59%
make
57%
Take
57%
please
54%
break
52%
No matching quizzes found
Score Distribution
Percent of People with Each Score
Percentile by Number Answered
Your Score History
You have not taken this quiz